Little soldiers how Soviet children went to war, 1941-1945 (Registro nro. 165788)

Detalles MARC
000 -ENCABEZADO
Número de control [NR] 01038nam a22002297a 4500
008 - DE LONGITUD FIJA DE DATOS DE ELEMENTOS - INFORMACIÓN GENERAL
Elementos de longitud fija [NR] 130821s2011 enka gr eng
020 ## - NUMERO INTERNACIONAL NORMALIZADO PARA LIBROS [R]
Número Internacional Normalizado del libro [NR] 0199585555
020 ## - NUMERO INTERNACIONAL NORMALIZADO PARA LIBROS [R]
Número Internacional Normalizado del libro [NR] 9780199585557
040 ## - FUENTE DE CATALOGACION [NR]
Agencia de catalogación original [NR] CO-BoUCM
Idioma de catalogación [NR] eng
Quien Cataloga
Quien Clasifica Aldemar Mondragón
041 00 - CODIGO DE IDIOMA [R]
Código de idioma para texto/pista de sonido o título separado [R] Inglés
100 1# - ASIENTO PRINCIPAL--NOMBRE PERSONAL [NR]
Nombre personal [NR] Kucherenko, Olga
ID Autoridad 32524
245 10 - MENCION DE TITULO [NR]
Título [NR] Little soldiers how Soviet children went to war, 1941-1945
Mención de responsabilidad, etc. [NR] Olga Kucherenko
260 ## - PUBLICACION, DISTRIBUCION, ETC. (PIE DE IMPRENTA) [R]
Lugar de publicación, distribución, etc. [R] Oxford (Oxfordshire, Inglaterra)
Nombre del editor, distribuidor, etc. [R] Oxford University Press
Fecha de publicación, distribución, etc. [R] 2011
300 ## - DESCRIPCION FISICA [R]
Extensión [R] xiii, 266 páginas
Otros detalles físicos [NR] ilustraciones
650 #7 - ASIENTO SECUNDARIO DE MATERIA - TERMINO TEMATICO [R]
Término temático o nombre geográfico como elemento de entrada [NR] Guerra mundial II, 1939-1945
Subdivisión general [R] Campañas
Subdivisión geográfica [R] Unión Soviética
9 (RLIN) 44714
650 #7 - ASIENTO SECUNDARIO DE MATERIA - TERMINO TEMATICO [R]
Término temático o nombre geográfico como elemento de entrada [NR] Guerra mundial II, 1939-1945
Subdivisión general [R] Niños
Subdivisión geográfica [R] Unión Soviética
9 (RLIN) 44713
650 #7 - ASIENTO SECUNDARIO DE MATERIA - TERMINO TEMATICO [R]
Término temático o nombre geográfico como elemento de entrada [NR] Guerra mundial II, 1939-1945
Subdivisión general [R] Participación juvenil
9 (RLIN) 32525
690 ## - ASUNTO AGREGADO LOCAL DE ENTRADA - TÉRMINO TEMÁTICO (OCLC, RLIN)
Acceso temático local Historia de Europa
856 40 - LOCALIZACION Y ACCESO ELECTRONICOS [R]
Especificación de los materiales [NR] Consulte las tablas de contenido haciendo clic aquí
Identificador Uniforme del Recurso (“URI”) [R] <a href="http://www.loc.gov/catdir/enhancements/fy1215/2010940305-t.html">http://www.loc.gov/catdir/enhancements/fy1215/2010940305-t.html</a>
942 ## - ELEMENTOS DE ENTRADA AGREGADOS (KOHA)
Tipo de ítem principal el descrito en 300a Libro
Tema principal Historia
Edición 1
Parte restante de la signatura top. K956L
Sistema de clasificación DEWEY
Clasificación 940.5347
Existencias
Fecha de último préstamo Total préstamos Total Renewals Signatura topográfica Código de barras Última vez visto Ejemplar Price effective from Tipo de ítem Perdido Sistema de clasificación Dañado No prestable Tipo de ítem específico Suprimido Ubicación habitual Ubicación actual Localización Fecha de creación Forma de adquisición Costo
04/02/2016 2 2 940.5347 K956L 100130595 09/12/2025 Ej.1 13/03/2013 Libro   DEWEY     Libro   Claustro Claustro 2do piso 05/03/2013 Compra 178200.00